000
00240nam a2200097Ia 4500
005
20251222114344.0
008
251222s1900||||xx |||||||||||||| ||spa||
082
_a
DVD0070/W67C/2002
245
0
_a
Construyendo la vida:Life as a House
942
_c
DVD
999
_c
989
_d
989